000 01838cas a2200421 a 4500
001 data
008 data
005 20260322212120.0
010 _a 20015201
_zsn 90039983
035 _a(OCoLC)1775002
040 _aMUL
_beng
_cMUL
_dOCLCL
_dNYG
_dNST
_dHUL
_dNYG
_dDLC
_dCUV
_dOCLCQ
_dOCLCF
_dOCLCQ
_dOCLCL
042 _apremarc
_apremarc
050 0 0 _aAS242
_b.B3415
082 0 4 _a706
_bqA169b
_1https://id.oclc.org/worldcat/ddc/E3dXjGxrrXqmgvq6wJrjj37dtF
245 0 0 _aMémoires.
_pCollection in-4o /
_cAcademie royale de Belgique. Classe des beaux-arts.
246 3 0 _aCollection in 4o
246 1 3 _aCollection in-quarto
260 _aBruxelles :
_bL'Académie,
_c1919-1971.
300 _a13 volumes :
_billustrations ;
_c30 cm
336 _atext
_btxt
_2rdacontent
337 _aunmediated
_bn
_2rdamedia
338 _avolume
_bnc
_2rdacarrier
362 0 _aT. 1, fasc. 1 (nov. 1919)-t. 1, fasc. 3 (1923); 2. sér., t. 1 (1923)-2. sér., t. 13 (1971).
500 _aTitle from cover.
515 _aPublication suspended with v. 9, no. 1 in 1942 and resumed with v. 9, no. 2 in 1959.
590 _aSERBIB/SERLOC merged record
650 0 _aArts.
650 7 _aArts.
_2fast
_0(OCoLC)fst00817721
710 2 _aAcadémie royale des sciences, des lettres et des beaux-arts de Belgique.
_bClasse des beaux-arts.
776 0 8 _iOnline version:
_tMémoires. Collection in-4o
_w(OCoLC)557626623
785 0 0 _tMémoires de la Classe des beaux-arts. Collection in-4o
_w(OCoLC)13173688
_w(OCoLC)13173688
890 _aAcadémie royale des sciences, des lettres et des beaux-arts de Belgique, Brussels. Classe des beaux-arts. Mémoires. Collection in-4p0s.
_i20-15201
906 _a7
_bcbc
_cserials
_du
_encip
_f19
_gn-oclcserc
920 _aKeep 1
991 _bc-GenColl
_hAS242
_i.B3415
_wSERIALS
992 _bUnk
_wSERLOC
999 _c1831
_d1831